书目信息 |
| 题名: |
壁炉
|
|
| 作者: | 布阳明 主编 ;王洪亮 , 潘建华 册主编 | |
| 分册: | ||
| 出版信息: | 哈尔滨 黑龙江科学技术出版社 2005.06 |
|
| 页数: | 61页 | |
| 开本: | 26cm | |
| 丛书名: | 扮靓美丽家居 | |
| 单 册: | ||
| 中图分类: | TU241-64 | |
| 科图分类: | ||
| 主题词: | 壁炉--bi lu--室内设计--图集 , 住宅--zhu zhai--室内装饰--图集 | |
| 电子资源: | ||
| ISBN: | 7-5388-4880-0 | |
| 000 | 00961nam0 2200277 450 | |
| 001 | 012006564976 | |
| 005 | 20060324162816.67 | |
| 010 | @a7-5388-4880-0@dCNY23.00 | |
| 100 | @a20060324d2005 km y0chiy0120 ea | |
| 101 | 0 | @achi |
| 102 | @aCN@b230000 | |
| 105 | @aa z 000yy | |
| 200 | 1 | @a壁炉@Abi lu@f布阳明等主编@Fbu yang ming deng zhu bian@g王洪亮, 潘建华册主编@Gwang hong liang,pan jian hua ce zhu bian |
| 210 | @a哈尔滨@c黑龙江科学技术出版社@d2005.06 | |
| 215 | @a61页@c图@d26cm | |
| 225 | 2 | @a扮靓美丽家居@Aban liang mei li jia ju |
| 330 | @a本书主要是一本图集,书中收集了大量的家居厨房的设计图案。 | |
| 410 | 0 | @12001 @a扮靓美丽家居 |
| 606 | 0 | @a壁炉@Abi lu@x室内设计@j图集 |
| 606 | 0 | @a住宅@Azhu zhai@x室内装饰@j图集 |
| 690 | @aTU241-64@v4 | |
| 701 | 0 | @a布阳明@Abu yang ming@4主编 |
| 702 | 0 | @a王洪亮@Awang hong liang@4册主编 |
| 702 | 0 | @a潘建华@Apan jian hua@4册主编 |
| 801 | 0 | @aCN@bQSSK@c20060324 |
| 905 | @a10447@dTU241-64@eB986 | |
| 壁炉/布阳明等主编/王洪亮, 潘建华册主编.-哈尔滨:黑龙江科学技术出版社,2005.06 |
| 61页:图;26cm .-(扮靓美丽家居) |
| ISBN 7-5388-4880-0:CNY23.00 |
| 本书主要是一本图集,书中收集了大量的家居厨房的设计图案。 |
| ● |
| 相关链接 |
|
|
|
正题名:壁炉
索取号:TU241-64/B986
 
预约/预借
| 序号 | 登录号 | 条形码 | 馆藏地/架位号 | 状态 | 备注 |
| 1 | 556591 | 205565912 | 建筑库101/101建筑库 60排4列5层/ [索取号:TU241-64/B986] | 在馆 | |
| 2 | 556592 | 205565921 | 建筑库101/101建筑库 60排4列5层/ [索取号:TU241-64/B986] | 在馆 | |
| 3 | 556593 | 205565930 | 建筑库101/101建筑库 60排4列5层/ [索取号:TU241-64/B986] | 在馆 |